00363 2200133 4500245009400000250001100094100001200105650002800117005001900145260003100164041001400195084001100209336000900220 aKamus Lengkap 100 Milliard b : Inggris - Indonesia ; Indonesia - InggriscBudionohText aCet. 1 aBudiono aKamus Inggris Indonesia a20231107092454 aJakartabBintang Indonesia aIndonesia a413.21 atext